000 00627nam a2200217 a 4500
005 20140310183341.0
008 061128s19uu xx 00 eng d
020 _a9812405178
050 _aBF 181
_b.K35 2001
100 _aKantowitz, Barry H.
245 _aExperimental Psychology :
_bunderstanding psychological research /
250 _a7th ed.
260 _aAustralia :
_bWadsworth Thomson Learning,
_c2001.
300 _a597 p. :
_bill. ;
_c24 cm.
521 _aPSYCH
650 _aPsychology, experimental.
700 _aRoediger, Henry L.
700 _aElmes, David G.
942 _cBK
_2lcc
_kFOR
999 _c21803
_d21803